<?xml version="1.0" encoding="UTF-8"?>
<record
    xmlns:xsi="http://www.w3.org/2001/XMLSchema-instance"
    xsi:schemaLocation="http://www.loc.gov/MARC21/slim http://www.loc.gov/standards/marcxml/schema/MARC21slim.xsd"
    xmlns="http://www.loc.gov/MARC21/slim">

  <leader>00309nam a2200097   4500</leader>
  <datafield tag="245" ind1=" " ind2=" ">
    <subfield code="a">Oxford book of ballads, newly selected and edited by James Kinsley</subfield>
    <subfield code="c">James Kinsley</subfield>
  </datafield>
  <datafield tag="100" ind1=" " ind2=" ">
    <subfield code="a">Kinsley, James</subfield>
  </datafield>
  <datafield tag="260" ind1=" " ind2=" ">
    <subfield code="a">Oxford</subfield>
    <subfield code="b">Clarendon Press</subfield>
    <subfield code="c">1969 [ reprinted 1971]</subfield>
  </datafield>
  <datafield tag="300" ind1=" " ind2=" ">
    <subfield code="a">xvi, 711p.;  19cm.</subfield>
  </datafield>
  <datafield tag="082" ind1=" " ind2=" ">
    <subfield code="a">821.04</subfield>
    <subfield code="b">KIN</subfield>
  </datafield>
  <datafield tag="952" ind1=" " ind2=" ">
    <subfield code="0">0</subfield>
    <subfield code="1">0</subfield>
    <subfield code="4">0</subfield>
    <subfield code="7">0</subfield>
    <subfield code="8">ENGL</subfield>
    <subfield code="a">NEHU</subfield>
    <subfield code="b">NEHU</subfield>
    <subfield code="d">2011-11-18</subfield>
    <subfield code="l">0</subfield>
    <subfield code="o">821.04 KIN</subfield>
    <subfield code="p">A2005</subfield>
    <subfield code="r">2011-11-18 00:00:00</subfield>
    <subfield code="w">2011-11-18</subfield>
    <subfield code="y">BK</subfield>
  </datafield>
  <datafield tag="999" ind1=" " ind2=" ">
    <subfield code="c">1068</subfield>
    <subfield code="d">1068</subfield>
  </datafield>
</record>
